000 00416 a2200169 4500
999 _c12801
_d12801
003 OSt
005 20240722190437.0
008 240722b ||||| |||| 00| 0 eng d
020 _a9781957183534
082 _a666.89
100 _aOlivier Ottevaere
245 _aConcrete Approximations: In Pursuit of Absolute Space
250 _a Applied Research & Design
260 _c2023
300 _a167p;
942 _2ddc